Crueger's biotechnology: A textbook of industrial microbiology (Record no. 394998)

MARC details
000 -LEADER
fixed length control field 00617 a2200229 4500
005 - DATE & TIME
control field 20260317090540.0
008 - FIXED-LENGTH DATA ELEMENTS--GENERAL INFORMATION
fixed length control field 260316b |||||||| |||| 00| 0 eng d
020 ## - ISBN
International Standard Book Number 9789385998638
Price Rs. 695.00
040 ## - CATALOGING SOURCE
Original cataloging agency VIVEKANANDA LIBRARY
082 ## - DDC NUMBER
Classification number 660.62
Book Number C888C(3)
100 ## - MAIN ENTRY--PERSONAL NAME
Personal name Crueger, Wulf
245 ## - TITLE STATEMENT
Title Crueger's biotechnology: A textbook of industrial microbiology
250 ## - EDITION STATEMENT
Edition statement 3rd
260 ## - PUBLICATION, DISTRIBUTION, ETC. (IMPRINT)
Name of publisher, distributor, etc Medtech
Date of publication, distribution, etc 2017
Place of publication, distribution, etc New Delhi
300 ## - PHYSICAL DESCRIPTION
Pages xii, 396
650 ## - Subject
Subject Biotechnology
650 ## - Subject
Subject Chemical Enginering
650 ## - Subject
Subject Industrial Microbiology
700 ## - Added Entry Personal Name
Added Entry Personal Name Aneja, K R
700 ## - Added Entry Personal Name
Added Entry Personal Name Crueger, Anneliese
942 ## - ADDED ENTRY ELEMENTS (KOHA)
Koha item type Books
Holdings
Withdrawn status Lost status Source of classification or shelving scheme Damaged status Not for loan Location (home branch) Sublocation or collection (holding branch) Shelving location Date acquired Koha issues (times borrowed) Koha full call number Accession No. Koha date last seen Koha item type
    Dewey Decimal Classification     VIVEKANANDA LIBRARY VIVEKANANDA LIBRARY Vivekananda Library 17/02/2026   660.62 C888C(3) 438327 17/02/2026 Books
© Designed and Maintained by Vivekananda Library, MDU Rohtak